Sports Quiz

Random Sports or Football Quiz

NFL Postseason Appearances (Franchises) Quiz Stats

 Plays Quiz not verified by Sporcle

Score 0/15 Timer 02:00
0 Plays Today
% Correct
Dallas Cowboys
98.2%
Green Bay Packers
96.5%
New York Giants
94.7%
Pittsburgh Steelers
94.7%
Chicago Bears
93.8%
San Francisco 49ers
92%
Washington Redskins (Boston Redskins)
91.2%
Oakland Raiders (LA Raiders)
88.5%
% Correct
Miami Dolphins
86.7%
Indianapolis Colts (Baltimore Colts)
79.6%
Philadelphia Eagles
76.1%
Minnesota Vikings
72.6%
St Louis Rams (Cleveland, LA Rams)
61.1%
Cleveland Browns
53.1%
Tennessee Titans (Houston Oilers)
20.4%

You're not logged in!

Compare scores with friends on all Sporcle quizzes.
Join for Free
OR
Log In

You Might Also Like...

Show Comments

Extras

Top Quizzes Today


Score Distribution

Your Account Isn't Verified!

In order to create a playlist on Sporcle, you need to verify the email address you used during registration. Go to your Sporcle Settings to finish the process.

Report this User

Report this user for behavior that violates our Community Guidelines.

Details: